00329nam a2200121Ia 4500008004100000040001600041041001200057082001500069100002500084245005100109260003000160300001700190230917s9999||||xx |||||||||||||| ||und|| e50190aMAIN aEnglish a294.1 D33I aDayananda, Saraswati 3aAn introduction to the commentary on the vedas aNew DelhibJan Gyanc1973 axiii, 214 p.